[Event "Vienna Chess Open 2019"]
[Site "Vienna"]
[Date "2019.08.23"]
[Round "8.4"]
[White "Buhmann, Rainer"]
[Black "Gilevych, Artem"]
[Result "1-0"]
[WhiteElo "2574"]
[BlackElo "2424"]
[Annotator "TA"]
[PlyCount "109"]
[EventDate "2019.08.17"]
[EventType "swiss"]
[EventCountry "AUT"]
[SourceTitle "playchess.com"]
[Source "ChessBase"]
[SourceQuality "1"]

{[%evp 10,109,9,0,30,33,45,43,41,33,56,62,59,62,65,56,49,45,77,79,80,91,101,53,54,51,87,58,64,62,70,67,56,60,62,50,69,47,39,35,45,39,41,44,43,43,41,25,28,22,29,19,52,41,71,62,67,25,82,77,89,95,218,216,185,156,167,169,178,174,236,162,162,172,181,179,190,174,199,181,221,232,287,287,279,229,229,212,492,476,471,468,485,410,828,827,29980,29981,29981,29982,29997,29998]} 1. d4 d5 2. Nf3 Nf6 3. c4 e6 4. Nc3 Bb4 5. e3 O-O 6. Bd2 Bxc3 {E51: Nimzo-Indian: Rubinstein: 4...0-0 5 Nf3 d5} (6... b6 7. Bd3 dxc4 8. Bxc4 Bb7 9. O-O Nbd7 10. Qe2 a6 11. Rfd1 b5 12. Bd3 c5 13. Rac1 cxd4 14. Nxd4 Qe7 15. Bb1 Rac8 16. a3 Bd6 17. Na2 Nd5 {0-1 (36) Jakovenko,D (2735)-Giri,A (2783) St Petersburg 2018}) 7. Bxc3 Ne4 8. Qc2 Nxc3 {White is slightly better.} 9. Qxc3 dxc4 10. Bxc4 b6 11. Rc1 Bb7 12. Be2 c6 13. Ne5 Qd6 $146 ({Predecessor:} 13... Qe7 14. Bf3 Rc8 15. O-O {1-0 (46) Benko,P-Shipman,W Lincoln,NE 1969}) 14. Bf3 Rc8 15. O-O Nd7 16. Nc4 Qe7 17. Rfd1 Rc7 18. e4 Nf6 19. e5 Nd5 20. Qd2 c5 21. Nd6 cxd4 22. Rxc7 Qxc7 23. Rc1 Qd7 24. Qxd4 Rd8 25. Qh4 Ba8 26. Bh5 Rf8 27. Be2 Ne7 28. Bd3 {[%csl Gd3][%cal Rh4h7]} h6 29. b3 Bd5 30. Qg3 Qd8 31. h4 $40 {[%mdl 128] White attacks.} f5 32. exf6 Rxf6 33. h5 e5 (33... Rf8 $11 {keeps the balance.}) 34. Nc4 $16 e4 35. Be2 Rf5 {[#]} (35... Qf8 $16 {was called for.}) 36. Ne3 $1 $18 {[%cal Re3f5]} Rg5 37. Qc7 Qxc7 38. Rxc7 Kf8 39. Rxa7 Nc6 (39... Bc6 $142 40. Ra6 b5) 40. Rd7 Bf7 41. Rd6 Rc5 42. g4 Ke7 43. Rd2 Be6 44. Kg2 Kf6 45. Kg3 Ke5 46. Bc4 Bc8 47. Bg8 {Nc4+ is the strong threat.} b5 {[#]} 48. a4 $1 {[%cal Ra4b5] Strongly threatening axb5.} Ba6 $2 (48... Ne7) 49. axb5 Bxb5 50. Rd7 Be2 51. Bc4 Bf3 (51... Bxc4 $142 52. Nxc4+ Ke6) 52. Nf5 Ra5 53. Rd6 {[%csl Gc4][%cal Rd6e6] White mates.} Nd4 54. Rxd4 Ra1 55. Rd5+ {Accuracy: White = 84%, Black = 38%.} 1-0

[Event "Vienna Chess Open 2019"]
[Site "Vienna"]
[Date "2019.08.23"]
[Round "8.4"]
[White "Buckels, Valentin"]
[Black "Belous, Mikhail"]
[Result "1/2-1/2"]
[WhiteElo "2453"]
[BlackElo "2308"]
[Annotator "ChessBase"]
[PlyCount "117"]
[EventDate "2019.08.17"]
[EventType "swiss"]
[EventCountry "AUT"]
[SourceTitle "playchess.com"]
[Source "ChessBase"]
[SourceQuality "1"]
[TimeControl "40/5400+30:1800+30"]

1. Nf3 {[%emt 0:00:02]} Nf6 {[%emt 0:00:00]} 2. g3 {[%emt 0:00:04]} g6 {[%emt 0:00:00]} 3. b3 {[%emt 0:00:04]} Bg7 {[%emt 0:00:13]} 4. Bb2 {[%emt 0:00:04]} O-O {[%emt 0:00:36]} 5. Bg2 {[%emt 0:00:17]} d6 {[%emt 0:00:27]} 6. d4 {[%emt 0:00:09]} Nbd7 {[%emt 0:00:21]} 7. O-O {[%emt 0:00:23]} Re8 {[%emt 0:00:59]} 8. c4 {[%emt 0:10:07]} c6 {[%emt 0:00:39]} 9. Nc3 {[%emt 0:07:07]} e5 {[%emt 0:02:33]} 10. e4 {[%emt 0:01:15]} exd4 {[%emt 0:05:29]} 11. Nxd4 {[%emt 0:00:02]} Nc5 {[%emt 0:01:02]} 12. Re1 {[%emt 0:00:27]} Ng4 {[%emt 0:01:44]} 13. h3 {[%emt 0:21:45]} Ne5 {[%emt 0:02:50]} 14. Re3 {[%emt 0:00:48]} Qb6 {[%emt 0:08:46]} 15. Nc2 {[%emt 0:04:43]} Bh6 {[%emt 0:25:59]} 16. f4 {[%emt 0:04:37]} Ned3 {[%emt 0:02:09]} 17. Ba3 {[%emt 0:00:44]} a5 {[%emt 0:04:59]} 18. Na4 {[%emt 0:03:53]} Nxa4 {[%emt 0:04:00]} 19. Qxd3 {[%emt 0:00:44]} Nc5 {[%emt 0:01:18]} 20. Qxd6 {[%emt 0:07:53]} Bf8 {[%emt 0:01:46]} 21. Qd4 {[%emt 0:00:33]} Rd8 {[%emt 0:01:54]} 22. Qc3 {[%emt 0:03:34]} Bg7 {[%emt 0:05:49]} 23. e5 {[%emt 0:00:12]} Bf5 {[%emt 0:00:48]} 24. Nd4 {[%emt 0:02:33]} Na4 {[%emt 0:00:59]} 25. bxa4 {[%emt 0:04:40]} Qxd4 {[%emt 0:00:10]} 26. Bb2 {[%emt 0:04:37]} Qxc3 {[%emt 0:03:17]} 27. Bxc3 {[%emt 0:00:47]} Bf8 {[%emt 0:00:54]} 28. Kh2 {[%emt 0:01:21]} Bc5 {[%emt 0:04:55]} 29. Re2 {[%emt 0:00:01]} Rd3 {[%emt 0:05:09]} 30. Bb2 {[%emt 0:02:21]} Rad8 {[%emt 0:01:01]} 31. Rae1 {[%emt 0:04:40]} Bb4 {[%emt 0:00:40]} 32. Rf1 {[%emt 0:00:13]} Rd2 {[%emt 0:00:51]} 33. Rff2 {[%emt 0:01:27]} Rxe2 {[%emt 0:04:38]} 34. Rxe2 {[%emt 0:00:00]} Bd3 {[%emt 0:00:14]} 35. Re3 {[%emt 0:02:12]} Bxc4 {[%emt 0:01:23]} 36. a3 {[%emt 0:00:57]} Bd2 {[%emt 0:02:35]} 37. Re4 {[%emt 0:01:01]} Bd3 {[%emt 0:00:34]} 38. Rd4 {[%emt 0:00:31]} Rxd4 {[%emt 0:00:15]} 39. Bxd4 {[%emt 0:00:01]} Bc2 {[%emt 0:01:14]} 40. Bf1 {[%emt 0:02:27]} Bxa4 {[%emt 0:00:27]} 41. Kg2 {[%emt 0:32:22]} Bd1 {[%emt 0:18:11]} 42. Bc4 {[%emt 0:00:00]} b5 {[%emt 0:00:51]} 43. e6 {[%emt 0:00:00]} fxe6 {[%emt 0:00:54]} 44. Bxe6+ {[%emt 0:00:00]} Kf8 {[%emt 0:00:08]} 45. Bd7 {[%emt 0:00:00]} b4 {[%emt 0:00:35]} 46. axb4 {[%emt 0:00:00]} axb4 {[%emt 0:00:06]} 47. Bxc6 {[%emt 0:00:00]} Ke7 {[%emt 0:02:21]} 48. Be4 {[%emt 0:00:00]} Ke6 {[%emt 0:02:10]} 49. Kf2 {[%emt 0:00:00]} b3 {[%emt 0:01:36]} 50. Bb2 {[%emt 0:00:00]} Bc2 {[%emt 0:01:47]} 51. Ke2 {[%emt 0:00:00]} Bxe4 {[%emt 0:02:54]} 52. Kxd2 {[%emt 0:00:00]} Bg2 {[%emt 0:00:15]} 53. h4 {[%emt 0:00:00]} Kf5 {[%emt 0:00:11]} 54. Ke3 {[%emt 0:00:00]} Bc6 {[%emt 0:00:37]} 55. Bh8 {[%emt 0:00:00]} Kg4 {[%emt 0:02:27]} 56. Kf2 {[%emt 0:00:00]} Kf5 {[%emt 0:00:17]} 57. Ke3 {[%emt 0:00:00]} Kg4 {[%emt 0:00:13]} 58. Kf2 {[%emt 0:00:00]} Kf5 {[%emt 0:00:11]} 59. Ke3 {[%emt 0:00:00] Ke5 Ke4+} 1/2-1/2

[Event "Vienna Chess Open 2019"]
[Site "Vienna"]
[Date "2019.08.23"]
[Round "8.4"]
[White "Bawart, Markus"]
[Black "Ankit, R. Rajpara"]
[Result "1-0"]
[WhiteElo "2364"]
[BlackElo "2454"]
[Annotator "ChessBase"]
[PlyCount "69"]
[EventDate "2019.08.17"]
[EventType "swiss"]
[EventCountry "AUT"]
[SourceTitle "playchess.com"]
[Source "ChessBase"]
[SourceQuality "1"]
[TimeControl "40/5400+30:1800+30"]

1. d4 {[%emt 0:00:00]} Nf6 {[%emt 0:00:00]} 2. Bf4 {[%emt 0:00:00]} e6 {[%emt 0:01:07]} 3. e3 {[%emt 0:00:06]} d5 {[%emt 0:01:29]} 4. Nf3 {[%emt 0:01:06]} Bd6 {[%emt 0:00:18]} 5. Bd3 {[%emt 0:01:15]} O-O {[%emt 0:00:19]} 6. O-O {[%emt 0:00:14]} b6 {[%emt 0:00:13]} 7. Nbd2 {[%emt 0:02:43]} Ba6 {[%emt 0:00:45]} 8. Ne5 {[%emt 0:00:56]} c5 {[%emt 0:03:54]} 9. Bxa6 {[%emt 0:03:39]} Nxa6 {[%emt 0:00:29]} 10. Bg5 {[%emt 0:00:13]} Nb8 {[%emt 0:06:30]} 11. Qf3 {[%emt 0:04:01]} Be7 {[%emt 0:03:17]} 12. c4 {[%emt 0:14:25]} cxd4 {[%emt 0:14:02]} 13. exd4 {[%emt 0:05:01]} Qd6 {[%emt 0:03:54]} 14. cxd5 {[%emt 0:12:34]} Nxd5 {[%emt 0:02:12]} 15. Ndc4 {[%emt 0:00:22]} Qc7 {[%emt 0:05:56]} 16. Bxe7 {[%emt 0:06:54]} Qxe7 {[%emt 0:00:05]} 17. Ne3 {[%emt 0:00:29]} Nxe3 {[%emt 0:01:21]} 18. fxe3 {[%emt 0:00:16]} Na6 {[%emt 0:00:53]} 19. Nc6 {[%emt 0:05:36]} Qd7 {[%emt 0:18:32]} 20. Rac1 {[%emt 0:00:36]} f6 {[%emt 0:01:57]} 21. b4 {[%emt 0:02:56]} Nc7 {[%emt 0:01:12]} 22. e4 {[%emt 0:01:02]} Nb5 {[%emt 0:02:12]} 23. Qd3 {[%emt 0:02:43]} Nd6 {[%emt 0:01:29]} 24. b5 {[%emt 0:00:46]} Kh8 {[%emt 0:07:02]} 25. a4 {[%emt 0:03:25]} Rac8 {[%emt 0:01:40]} 26. d5 {[%emt 0:01:44]} Nb7 {[%emt 0:01:48]} 27. Qh3 {[%emt 0:00:51]} Nc5 {[%emt 0:00:54]} 28. Rxc5 {[%emt 0:00:53]} bxc5 {[%emt 0:00:16]} 29. Qxe6 {[%emt 0:01:01]} Qxe6 {[%emt 0:01:49]} 30. dxe6 {[%emt 0:01:46]} a6 {[%emt 0:05:07]} 31. Rd1 {[%emt 0:03:39]} Rfe8 {[%emt 0:04:40]} 32. Rd6 {[%emt 0:01:57]} axb5 {[%emt 0:01:30]} 33. axb5 {[%emt 0:00:02]} Rc7 {[%emt 0:00:36]} 34. b6 {[%emt 0:01:30]} Rb7 {[%emt 0:00:05]} 35. Rd8 {[%emt 0:00:58]} 1-0

[Event "Vienna Chess Open 2019"]
[Site "Vienna"]
[Date "2019.08.23"]
[Round "8.5"]
[White "Moucheroud, Jeremy"]
[Black "Haldorsen, Benjamin"]
[Result "1-0"]
[WhiteElo "2452"]
[BlackElo "2452"]
[Annotator "ChessBase"]
[PlyCount "65"]
[EventDate "2019.08.17"]
[EventType "swiss"]
[EventCountry "AUT"]
[SourceTitle "playchess.com"]
[Source "ChessBase"]
[SourceQuality "1"]
[TimeControl "40/5400+30:1800+30"]

1. e4 {[%emt 0:13:26]} c5 {[%emt 0:00:20]} 2. Nf3 {[%emt 0:00:07]} e6 {[%emt 0:00:14]} 3. d4 {[%emt 0:00:07]} cxd4 {[%emt 0:00:07]} 4. Nxd4 {[%emt 0:00:01]} Nc6 {[%emt 0:00:08]} 5. Nc3 {[%emt 0:00:15]} Qc7 {[%emt 0:00:08]} 6. Be3 {[%emt 0:03:19]} a6 {[%emt 0:00:07]} 7. Qf3 {[%emt 0:00:29]} d6 {[%emt 0:00:09]} 8. O-O-O {[%emt 0:00:39]} Bd7 {[%emt 0:00:06]} 9. Qg3 {[%emt 0:05:07]} Nf6 {[%emt 0:09:54]} 10. f4 {[%emt 0:13:11]} b5 {[%emt 0:00:59]} 11. Nxc6 {[%emt 0:13:27]} Bxc6 {[%emt 0:00:14]} 12. e5 {[%emt 0:00:36]} dxe5 {[%emt 0:22:02]} 13. fxe5 {[%emt 0:00:02]} Nd5 {[%emt 0:00:44]} 14. Nxd5 {[%emt 0:07:52]} Bxd5 {[%emt 0:00:36]} 15. Kb1 {[%emt 0:00:01]} g6 {[%emt 0:05:56]} 16. Bd3 {[%emt 0:04:48]} Bg7 {[%emt 0:02:49]} 17. Bf4 {[%emt 0:03:43]} O-O {[%emt 0:02:57]} 18. h4 {[%emt 0:01:15]} h5 {[%emt 0:01:10]} 19. Rhg1 {[%emt 0:05:41]} Qa5 {[%emt 0:12:56]} 20. b3 {[%emt 0:00:38]} Qc3 {[%emt 0:00:37]} 21. Qe1 {[%emt 0:07:54]} Rfc8 {[%emt 0:02:17]} 22. Qxc3 {[%emt 0:02:19]} Rxc3 {[%emt 0:00:02]} 23. Rdf1 {[%emt 0:00:44]} b4 {[%emt 0:14:02]} 24. g4 {[%emt 0:01:28]} hxg4 {[%emt 0:00:06]} 25. Rxg4 {[%emt 0:00:22]} Rcc8 {[%emt 0:05:09]} 26. Rg3 {[%emt 0:06:10]} Kf8 {[%emt 0:02:15]} 27. Bd2 {[%emt 0:03:46]} Bxe5 {[%emt 0:00:15]} 28. Rxg6 {[%emt 0:01:05]} a5 {[%emt 0:00:59]} 29. Bh6+ {[%emt 0:01:06]} Ke7 {[%emt 0:02:30]} 30. Bg5+ {[%emt 0:00:09]} Kd6 {[%emt 0:01:17]} 31. Rxf7 {[%emt 0:00:36]} Rf8 {[%emt 0:04:53]} 32. Be7+ {[%emt 0:00:13]} Kc6 {[%emt 0:01:12]} 33. Rxf8 {[%emt 0:00:40]} 1-0

[Event "Vienna Chess Open 2019"]
[Site "Vienna"]
[Date "2019.08.23"]
[Round "8.5"]
[White "Bakhmatsky, Vladislav"]
[Black "Kojima, Shinya"]
[Result "1/2-1/2"]
[WhiteElo "2442"]
[BlackElo "2390"]
[Annotator "NA"]
[PlyCount "47"]
[EventDate "2019.08.17"]
[EventType "swiss"]
[EventCountry "AUT"]
[SourceTitle "playchess.com"]
[Source "ChessBase"]
[SourceQuality "1"]
[TimeControl "40/5400+30:1800+30"]

1. e4 {[%emt 0:00:00]} c6 {[%emt 0:00:00]} 2. d4 {[%emt 0:00:00]} d5 {[%emt 0:00:00]} 3. e5 {[%emt 0:00:00]} Bf5 {[%emt 0:00:00]} 4. Nf3 {[%emt 0:00:53]} e6 {[%emt 0:00:00]} 5. Be2 {[%emt 0:00:03]} Ne7 {[%emt 0:00:01]} 6. O-O {[%emt 0:01:56]} Bg6 {[%emt 0:00:06]} 7. Nbd2 {[%emt 0:00:49]} c5 {[%emt 0:01:38]} 8. c4 {[%emt 0:10:04]} cxd4 {[%emt 0:00:20]} 9. Nxd4 {[%emt 0:01:17]} Nec6 {[%emt 0:00:15]} 10. N2f3 {[%emt 0:04:35]} dxc4 {[%emt 0:02:28]} 11. Bxc4 {[%emt 0:22:45]} Be7 {[%emt 0:00:12]} 12. Qa4 {[%emt 0:20:55]} O-O {[%emt 0:03:56]} 13. Rd1 {[%emt 0:00:52]} Qa5 {[%emt 0:08:17]} 14. Qxa5 {[%emt 0:02:15]} Nxa5 {[%emt 0:00:12]} 15. Be2 {[%emt 0:01:22]} Rd8 {[%emt 0:02:53]} 16. Bf4 {[%emt 0:05:45]} Nbc6 {[%emt 0:05:56]} 17. Nb5 {[%emt 0:05:51]} a6 {[%emt 0:19:17]} 18. Nd6 {[%emt 0:07:33]} Rd7 {[%emt 0:02:30]} 19. Bd2 {[%emt 0:05:48]} f6 {[%emt 0:02:32]} 20. Nc4 {[%emt 0:01:19]} Nxc4 {[%emt 0:00:44]} 21. Bxc4 {[%emt 0:00:01]} Bf7 {[%emt 0:04:09]} 22. Bc3 {[%emt 0:01:31]} Rad8 {[%emt 0:02:15]} 23. Rxd7 {[%emt 0:00:57]} Rxd7 {[%emt 0:00:05]} 24. a3 {[%emt 0:00:41]} 1/2-1/2

[Event "Vienna Chess Open 2019"]
[Site "Vienna"]
[Date "2019.08.23"]
[Round "8.5"]
[White "Menezes, Christoph"]
[Black "Gumularz, Szymon"]
[Result "1/2-1/2"]
[WhiteElo "2420"]
[BlackElo "2501"]
[Annotator "ChessBase"]
[PlyCount "50"]
[EventDate "2019.08.17"]
[EventType "swiss"]
[EventCountry "AUT"]
[SourceTitle "playchess.com"]
[Source "ChessBase"]
[SourceQuality "1"]
[TimeControl "40/5400+30:1800+30"]

1. c4 {[%emt 0:03:00]} Nf6 {[%emt 0:00:00]} 2. Nc3 {[%emt 0:00:24]} e5 {[%emt 0:00:00]} 3. Nf3 {[%emt 0:00:18]} Nc6 {[%emt 0:00:00]} 4. g3 {[%emt 0:00:14]} d5 {[%emt 0:01:46]} 5. cxd5 {[%emt 0:00:08]} Nxd5 {[%emt 0:00:04]} 6. Bg2 {[%emt 0:00:20]} Nb6 {[%emt 0:00:16]} 7. O-O {[%emt 0:00:23]} Be7 {[%emt 0:00:04]} 8. a3 {[%emt 0:00:25]} O-O {[%emt 0:00:14]} 9. b4 {[%emt 0:00:28]} Be6 {[%emt 0:00:08]} 10. Rb1 {[%emt 0:00:55]} f6 {[%emt 0:00:20]} 11. b5 {[%emt 0:00:52]} Nd4 {[%emt 0:01:14]} 12. e3 {[%emt 0:00:20]} Nxf3+ {[%emt 0:01:05]} 13. Bxf3 {[%emt 0:00:11]} Rb8 {[%emt 0:00:53]} 14. d4 {[%emt 0:00:44]} exd4 {[%emt 0:05:03]} 15. exd4 {[%emt 0:00:17]} Bf7 {[%emt 0:04:54]} 16. Re1 {[%emt 0:04:40]} Re8 {[%emt 0:01:22]} 17. a4 {[%emt 0:02:05]} Bf8 {[%emt 0:01:49]} 18. Rxe8 {[%emt 0:02:51]} Qxe8 {[%emt 0:00:19]} 19. Bf4 {[%emt 0:11:32]} Bd6 {[%emt 0:03:19]} 20. Bxd6 {[%emt 0:02:25]} cxd6 {[%emt 0:00:07]} 21. a5 {[%emt 0:01:23]} Nc4 {[%emt 0:04:23]} 22. Ra1 {[%emt 0:00:52]} Qd7 {[%emt 0:14:40]} 23. a6 {[%emt 0:20:23]} d5 {[%emt 0:03:32]} 24. axb7 {[%emt 0:02:39]} Rxb7 {[%emt 0:00:15]} 25. Bh5 {[%emt 0:06:52]} Nb6 {[%emt 0:12:07]} 1/2-1/2

[Event "Vienna Chess Open 2019"]
[Site "Vienna"]
[Date "2019.08.23"]
[Round "8.6"]
[White "Valsecchi, Alessio"]
[Black "Froewis, Georg"]
[Result "1-0"]
[WhiteElo "2494"]
[BlackElo "2429"]
[Annotator "TA"]
[PlyCount "101"]
[EventDate "2019.08.17"]
[EventType "swiss"]
[EventCountry "AUT"]
[SourceTitle "playchess.com"]
[Source "ChessBase"]
[SourceQuality "1"]

{[%evp 9,101,16,30,10,20,26,51,50,68,47,56,33,36,28,34,38,30,37,29,28,46,55,43,24,39,14,43,38,41,25,25,-8,0,0,0,0,19,27,54,24,36,36,46,47,50,43,81,68,122,109,310,310,310,310,310,310,297,289,260,126,135,129,193,195,160,104,102,105,140,106,109,97,107,101,104,87,82,82,357,360,356,338,354,347,333,335,391,175,391,391,7707,11954,29988,29989]} 1. c4 e6 2. Nf3 d5 3. d4 Nf6 4. Nc3 a6 5. cxd5 exd5 6. Qb3 {D37: Queen's Gambit Declined: 5 Bf4} (6. Bg5 Be6 7. e3 Nbd7 8. Bd3 h6 9. Bf4 g5 10. Bg3 Nh5 11. Be5 Nhf6 12. Bg3 Nh5 13. Ne2 Nxg3 14. Nxg3 {1-0 (61) Leko,P (2679)-Caruana,F (2832) Germany 2019}) 6... Bd6 7. Bg5 c6 {[#]} 8. e4 $1 {[%mdl 512] White is slightly better.} dxe4 {[#]} 9. Nxe4 $1 {[%mdl 512]} Be7 (9... Nxe4 10. Bxd8) 10. Bxf6 $146 (10. Nxf6+ {feels hotter.} Bxf6 11. Qe3+ Qe7 12. Bxf6 gxf6 13. Bc4) ({Predecessor:} 10. Nxf6+ Bxf6 11. Qe3+ Be6 12. Bc4 h6 13. Bxf6 Qxf6 {0-1 (59) Panda,S (2218)-Harsha,B (2497) Dubai 2019}) 10... Bxf6 11. Bc4 O-O 12. O-O b5 13. Bd3 Be6 14. Qc2 h6 15. Nxf6+ Qxf6 16. Rfe1 Rd8 17. Be4 Ra7 18. Ne5 Re7 19. Qc3 Bd5 20. Rac1 (20. Bxd5 {is more complex.} cxd5 21. Rac1 Rde8 22. Re3 Qd6 23. Qc5) 20... Bxe4 21. Rxe4 Qd6 {Hoping for ...f6.} 22. Rce1 Rde8 {aiming for ...f6.} 23. R4e3 Qd5 24. b3 Re6 25. h3 Rd8 26. Qa5 Rc8 27. Qb6 c5 28. Qa7 Kh7 (28... cxd4 $14 29. Qxf7+ Kh7 30. Qf5+ Kg8) 29. dxc5 $16 ({But not} 29. Nxf7 $6 Rg6 $11) 29... Qxc5 $2 (29... Nc6 $16 30. Qxa6 Rce8) 30. Qxf7 $18 Rf6 31. Qb7 Rcf8 32. Qe4+ Kg8 33. Ng6 Rd8 34. Qg4 (34. Qb1 $18) 34... Kh7 35. Ne5 Rd4 (35... Qd4 $16 36. Qg3 Qf4) 36. Qe2 $1 Nc6 {[%cal Bb8c6,Bc6b4,Bb4a2][%mdl 32] [#]} 37. Nf3 ({White should try} 37. b4 $1 {[%cal Rb4c5]} Nxb4 38. Qb2) 37... Rdd6 38. Re8 Qf5 39. Rd1 Nb4 40. Nd4 Qd5 41. Re5 Qf7 42. Nf3 Rxd1+ 43. Qxd1 Nxa2 $2 {[%mdl 8192]} (43... Qg6 $16) 44. Qd8 Re6 45. Qd5 Rf6 46. Qa8 Nb4 {[#]} 47. Re8 $1 {[%cal Re8h8] White wants to mate with Rh8+.} Nc6 48. Rh8+ $40 {[%mdl 128] White has strong attack.} Kg6 49. Rc8 (49. Nh4+ Kh5 $16) 49... Rxf3 $2 (49... Qxb3 50. Rxc6 Rxc6) 50. Qxc6+ {[%mdl 64] Double Attack} Rf6 51. Qe4+ {Accuracy: White = 66%, Black = 50%.} 1-0

[Event "Vienna Chess Open 2019"]
[Site "Vienna"]
[Date "2019.08.23"]
[Round "8.6"]
[White "Akesson, Ralf"]
[Black "Fedorovsky, Michael"]
[Result "1-0"]
[WhiteElo "2441"]
[BlackElo "2441"]
[Annotator "NA"]
[PlyCount "53"]
[EventDate "2019.08.17"]
[EventType "swiss"]
[EventCountry "AUT"]
[SourceTitle "playchess.com"]
[Source "ChessBase"]
[SourceQuality "1"]
[TimeControl "40/5400+30:1800+30"]

1. d4 {[%emt 0:03:46]} Nf6 {[%emt 0:00:00]} 2. c4 {[%emt 0:00:10]} e6 {[%emt 0:00:00]} 3. Nc3 {[%emt 0:00:55]} Bb4 {[%emt 0:00:00]} 4. e3 {[%emt 0:00:19]} O-O {[%emt 0:00:00]} 5. Nge2 {[%emt 0:00:33]} c6 {[%emt 0:00:25]} 6. a3 {[%emt 0:01:34]} Ba5 {[%emt 0:00:05]} 7. b4 {[%emt 0:07:09]} Bc7 {[%emt 0:01:24]} 8. e4 {[%emt 0:09:32]} d5 {[%emt 0:00:54]} 9. e5 {[%emt 0:01:45]} Nfd7 {[%emt 0:00:51]} 10. Ng3 {[%emt 0:04:23]} f6 {[%emt 0:16:01]} 11. exf6 {[%emt 0:01:48]} Qxf6 {[%emt 0:01:29]} 12. Be3 {[%emt 0:00:35]} e5 {[%emt 0:07:08]} 13. cxd5 {[%emt 0:07:04]} exd4 {[%emt 0:00:49]} 14. Nce4 {[%emt 0:03:03]} Qg6 {[%emt 0:04:22]} 15. d6 {[%emt 0:07:21]} dxe3 {[%emt 0:12:02]} 16. Bc4+ {[%emt 0:03:18]} Kh8 {[%emt 0:00:24]} 17. dxc7 {[%emt 0:00:11]} exf2+ {[%emt 0:00:06]} 18. Nxf2 {[%emt 0:02:13]} Re8+ {[%emt 0:06:37]} 19. Be2 {[%emt 0:00:44]} Na6 {[%emt 0:02:38]} 20. O-O {[%emt 0:00:13]} Nf6 {[%emt 0:09:37]} 21. Bxa6 {[%emt 0:01:37]} bxa6 {[%emt 0:01:00]} 22. Qd6 {[%emt 0:01:34]} Bb7 {[%emt 0:07:02]} 23. Nd3 {[%emt 0:06:18]} Rac8 {[%emt 0:06:12]} 24. Ne5 {[%emt 0:04:41]} Qc2 {[%emt 0:01:14]} 25. Rxf6 {[%emt 0:02:01]} gxf6 {[%emt 0:01:08]} 26. Qxf6+ {[%emt 0:00:14]} Kg8 {[%emt 0:00:03]} 27. Nf5 {[%emt 0:00:34]} 1-0

[Event "Vienna Chess Open 2019"]
[Site "Vienna"]
[Date "2019.08.23"]
[Round "8.6"]
[White "Miralles, Gilles"]
[Black "Hecht, Carsten"]
[Result "1/2-1/2"]
[WhiteElo "2300"]
[BlackElo "2427"]
[Annotator "NA"]
[PlyCount "84"]
[EventDate "2019.08.17"]
[EventType "swiss"]
[EventCountry "AUT"]
[SourceTitle "playchess.com"]
[Source "ChessBase"]
[SourceQuality "1"]
[TimeControl "40/5400+30:1800+30"]

1. d4 {[%emt 0:00:00]} Nf6 {[%emt 0:00:00]} 2. c4 {[%emt 0:00:00]} g6 {[%emt 0:00:00]} 3. Nc3 {[%emt 0:00:00]} d5 {[%emt 0:00:00]} 4. Nf3 {[%emt 0:00:08]} Bg7 {[%emt 0:00:00]} 5. Qb3 {[%emt 0:00:08]} dxc4 {[%emt 0:00:00]} 6. Qxc4 {[%emt 0:00:06]} O-O {[%emt 0:00:10]} 7. e4 {[%emt 0:00:04]} a6 {[%emt 0:00:12]} 8. e5 {[%emt 0:01:58]} b5 {[%emt 0:00:25]} 9. Qb3 {[%emt 0:00:56]} Nfd7 {[%emt 0:00:36]} 10. e6 {[%emt 0:01:00]} fxe6 {[%emt 0:00:09]} 11. Qxe6+ {[%emt 0:00:48]} Kh8 {[%emt 0:01:51]} 12. Qd5 {[%emt 0:00:27]} Nb6 {[%emt 0:06:08]} 13. Qxd8 {[%emt 0:00:49]} Rxd8 {[%emt 0:00:06]} 14. Bf4 {[%emt 0:00:25]} Ra7 {[%emt 0:02:52]} 15. O-O-O {[%emt 0:02:47]} Nc6 {[%emt 0:03:45]} 16. Bd3 {[%emt 0:17:59]} Nxd4 {[%emt 0:32:51]} 17. Nxd4 {[%emt 0:23:44]} Rxd4 {[%emt 0:03:14]} 18. Be3 {[%emt 0:00:40]} Rd6 {[%emt 0:01:25]} 19. Ne4 {[%emt 0:04:02]} Rc6+ {[%emt 0:04:16]} 20. Bc2 {[%emt 0:03:34]} h6 {[%emt 0:07:30]} 21. Rd8+ {[%emt 0:01:59]} Kh7 {[%emt 0:00:06]} 22. h4 {[%emt 0:07:43]} Be5 {[%emt 0:07:16]} 23. h5 {[%emt 0:03:17]} Bf5 {[%emt 0:06:05]} 24. hxg6+ {[%emt 0:01:11]} Kg7 {[%emt 0:03:20]} 25. Bxh6+ {[%emt 0:08:16]} Kxg6 {[%emt 0:00:06]} 26. f3 {[%emt 0:03:48]} Bxe4 {[%emt 0:01:29]} 27. fxe4 {[%emt 0:00:29]} Ra8 {[%emt 0:00:53]} 28. Rxa8 {[%emt 0:01:27]} Nxa8 {[%emt 0:00:06]} 29. Be3 {[%emt 0:03:14]} Rf6 {[%emt 0:02:54]} 30. Bc5 {[%emt 0:01:47]} Nb6 {[%emt 0:02:26]} 31. b3 {[%emt 0:01:36]} Nc8 {[%emt 0:02:50]} 32. Kd1 {[%emt 0:02:52]} Nd6 {[%emt 0:01:09]} 33. Ke2 {[%emt 0:00:40]} Rf4 {[%emt 0:01:32]} 34. Be3 {[%emt 0:00:55]} Rg4 {[%emt 0:01:30]} 35. Kf3 {[%emt 0:01:38]} Rg3+ {[%emt 0:00:12]} 36. Kf2 {[%emt 0:00:21]} Rg4 {[%emt 0:00:25]} 37. Rh3 {[%emt 0:02:20]} Kg7 {[%emt 0:03:13]} 38. Kf3 {[%emt 0:01:00]} Rg6 {[%emt 0:00:09]} 39. Rh5 {[%emt 0:02:03]} Nf7 {[%emt 0:02:46]} 40. Bd3 {[%emt 0:02:24]} Rd6 {[%emt 0:02:39]} 41. Ke2 {[%emt 0:02:57]} Rg6 {[%emt 0:00:06]} 42. Kf3 {[%emt 0:01:17]} Rd6 {[%emt 0:00:11]} 1/2-1/2